000 00601nam a22002177a 4500
003 UA-OsUOA
001 121689
007 ta
008 20170327b un ||||| |||| 00| 0 ukr d
100 _aСирота В.
090 _a330(477)
_bС40
942 _cSA
040 _aUA-OsUOA
_bfre
_cUA-OsUOA
_dUA-OsUOA
245 _aДержбанки: токсична поклажа чорних ящиків
300 _aС.1,6
955 _a0
041 _afre
080 _a330(477)
773 0 _w121688
_tДзеркало тижня
_dК.
_d2017
_g10
650 7 _a330 Економіка взагалі
_2UDC
999 _c408090
_d408090